Mr Broadacres and Mr Farmer: a test case (Record no. 608)

MARC details
000 -LEADER
fixed length control field 00899cab a2200205 4500
001 - CONTROL NUMBER
control field ABS52961
008 - FIXED-LENGTH DATA ELEMENTS--GENERAL INFORMATION
fixed length control field 090401t1995 xxu||||| |||| 00| 0 eng d
035 ## - SYSTEM CONTROL NUMBER
System control number (Sirsi) u1109
041 ## - LANGUAGE CODE
Language code of text/sound track or separate title eng
245 ## - TITLE STATEMENT
Title Mr Broadacres and Mr Farmer: a test case
260 ## - PUBLICATION, DISTRIBUTION, ETC.
Date of publication, distribution, etc. 1995
350 ## - PRICE (NR) (BK AM CF MU VM SE) [OBSOLETE]
Price 0
490 ## - SERIES STATEMENT
Series statement Farrer & Co Agricultural Estates Group Newsletter
Volume/sequential designation Spring 1995, 4-14(11)
520 ## - SUMMARY, ETC.
Summary, etc. A hypothetical case study of diversification examines issues including setting up a farm business tenancy, getting planning consent, collateral warranties in the construction project, employment implications and tax issues. PHOTOCOPIES MAY NOT BE MADE. REQUESTS FOR COPIES SHOULD BE REFERRED TO FARRER & CO, CHRISTOPHER JESSEL, 66 LINCOLN`S INN FIELDS, LONDON WC2A 3LH.
650 ## - SUBJECT ADDED ENTRY--TOPICAL TERM
Topical term or geographic name entry element FARM BUSINESS TENANCIES
650 ## - SUBJECT ADDED ENTRY--TOPICAL TERM
Topical term or geographic name entry element FARM DIVERSIFICATION
690 ## - LOCAL SUBJECT ADDED ENTRY--TOPICAL TERM (OCLC, RLIN)
Topical term or geographic name as entry element RURAL PRACTICE
942 ## - ADDED ENTRY ELEMENTS (KOHA)
Suppress in OPAC 0
948 ## - LOCAL PROCESSING INFORMATION (OCLC); SERIES PART DESIGNATOR (RLIN)
c (OCLC) 04/03/1997
Holdings
Withdrawn status Lost status Source of classification or shelving scheme Damaged status Not for loan Home library Current library Shelving location Date acquired Total Checkouts Full call number Barcode Date last seen Copy number Price effective from Koha item type
    Dewey Decimal Classification     London London Journal article 14/09/1999   ABS52961 1109-1001 06/08/2019 1 06/08/2019 Journal article